书目信息 |
| 题名: |
我家"笨笨"上剑桥
|
|
| 作者: | 张鸣山 , 杜娟英 著 | |
| 分册: | ||
| 出版信息: | 北京 中国社会出版社 2001.07 |
|
| 页数: | 341页, [4] 页图版 | |
| 开本: | 21cm | |
| 丛书名: | ||
| 单 册: | ||
| 中图分类: | G78 | |
| 科图分类: | ||
| 主题词: | 家庭教育--jia ting jiao yu--经验 | |
| 电子资源: | ||
| ISBN: | 7-80146-502-4 | |
| 000 | 00892nam0 2200241 450 | |
| 001 | 010254527278 | |
| 005 | 20080826111433.50 | |
| 010 | @a7-80146-502-4@dCNY19.80 | |
| 100 | @a20060106d2001 km y0chiy0120 ea | |
| 101 | 0 | @achi |
| 102 | @aCN@b110000 | |
| 105 | @aacf z 000yy | |
| 200 | 1 | @a我家"笨笨"上剑桥@Awo jia"ben ben"shang jian qiao@e张驰父母的教子手记@f张鸣山, 杜娟英著@Fzhang ming shan,du juan ying zhu |
| 210 | @a北京@c中国社会出版社@d2001.07 | |
| 215 | @a341页, [4] 页图版@c图, 肖像@d21cm | |
| 330 | @a本书是张驰父母对他们儿子的教育手记,介绍了他们是如何成功的进行家庭教育,培养出了剑桥大学最年轻的中国籍博士。 | |
| 517 | 1 | @a张驰父母的教子手记@Azhang chi fu mu de jiao zi shou ji |
| 606 | 0 | @a家庭教育@Ajia ting jiao yu@x经验 |
| 690 | @aG78@v4 | |
| 701 | 0 | @a张鸣山@Azhang ming shan@4著 |
| 701 | 0 | @a杜娟英@Adu juan ying@4著 |
| 801 | 0 | @aCN@c20080826 |
| 905 | @dG78@eZ146 | |
| 我家"笨笨"上剑桥:张驰父母的教子手记/张鸣山, 杜娟英著.-北京:中国社会出版社,2001.07 |
| 341页, [4] 页图版:图, 肖像;21cm |
| ISBN 7-80146-502-4:CNY19.80 |
| 本书是张驰父母对他们儿子的教育手记,介绍了他们是如何成功的进行家庭教育,培养出了剑桥大学最年轻的中国籍博士。 |
| ● |
| 相关链接 |
|
|
|
正题名:我家"笨笨"上剑桥
索取号:G78/Z146
 
预约/预借
| 序号 | 登录号 | 条形码 | 馆藏地/架位号 | 状态 | 备注 |
| 1 | 714239 | 207142395 | 社科库409/409社科库 18排1列2层/ [索取号:G78/Z146] | 在馆 |